[Event "Krakow Malopolski op"]
[Site "Krakow"]
[Date "2022.06.18"]
[Round "5"]
[White "Smetek, Michal"]
[Black "Wilk, Tomasz"]
[Result "1-0"]
[WhiteElo "1805"]
[BlackElo "1910"]
[PlyCount "88"]
[EventDate "2022.06.16"]
[EventType "swiss"]
[EventRounds "7"]
[EventCountry "POL"]
[SourceTitle "EXT 2023"]
[Source "ChessBase"]
[SourceDate "2022.10.05"]
[SourceVersion "1"]
[SourceVersionDate "2022.10.05"]
[SourceQuality "1"]

1. d4 g6 2. c4 Bg7 3. e4 c5 4. d5 d6 5. Nc3 e6 6. f4 Ne7 7. dxe6 Bxe6 8. Nf3 Nbc6 9. Be3 0-0 10. Bd3 Nd4 11. Bxd4 cxd4 12. Nd5 f5 13. Ng5 Bd7 14. 0-0 h6 15. Nf3 Nxd5 16. exd5 Re8 17. Re1 Qf6 18. Qd2 b6 19. Rxe8+ Rxe8 20. Re1 Re3 21. Rxe3 dxe3 22. Qxe3 Qxb2 23. h4 Bf6 24. Kh2 Qc3 25. Qe2 a5 26. h5 g5 27. fxg5 hxg5 28. g3 g4 29. Ne1 Bg5 30. Ng2 Qe5 31. Qf2 b5 32. cxb5 Qxd5 33. Qe2 Qf7 34. Kg1 Qxh5 35. b6 Bf6 36. Qe3 Qe8 37. Qxe8+ Bxe8 38. b7 Bd4+ 39. Kf1 Ba7 40. Bxf5 Bb5+ 41. Ke1 Bc6 42. Ne3 Bxb7 43. Nxg4 Bd5 44. Nf6+ Kg7 1-0

[Event "Krakow op-B 29th"]
[Site "Krakow"]
[Date "2018.12.30"]
[Round "5"]
[White "Kalosha, Zhiulien Oleksii"]
[Black "Wilk, Tomasz"]
[Result "0-1"]
[WhiteElo "1795"]
[BlackElo "1911"]
[PlyCount "84"]
[EventDate "2018.12.27"]
[EventType "swiss"]
[EventRounds "9"]
[EventCountry "POL"]
[SourceTitle "CBM 189 Extra"]
[Source "ChessBase"]
[SourceDate "2019.06.03"]
[SourceVersion "1"]
[SourceVersionDate "2019.06.03"]
[SourceQuality "1"]

1. e4 c5 2. Nf3 Nc6 3. d4 cxd4 4. Nxd4 g6 5. Nc3 Bg7 6. Be3 Nf6 7. Bc4 Qa5 8. 0-0 0-0 9. Bb3 d6 10. h3 Bd7 11. Qe2 Rfc8 12. Rad1 Nxd4 13. Bxd4 Nh5 14. Bxg7 Kxg7 15. Rfe1 Nf4 16. Qf3 Qe5 17. Kh1 e6 18. Qg3 Be8 19. Re3 f6 20. Ne2 Nxe2 21. Qxe5 dxe5 22. Rxe2 Rc6 23. c3 b5 24. Red2 a5 25. a3 b4 26. axb4 axb4 27. cxb4 Rb8 28. Ba4 Rcb6 29. Bxe8 Rxe8 30. Rd7+ Kh6 31. R1d2 Rxb4 32. f3 f5 33. exf5 exf5 34. Rf7 Rc8 35. Re7 Rc5 36. Rdd7 Rxb2 37. Rxh7+ Kg5 38. Rd6 Rc1+ 39. Kh2 Rbb1 40. Ra6 Rh1+ 41. Kg3 f4+ 42. Kf2 Rb2# 0-1

[Event "Krakow op-B 28th"]
[Site "Krakow"]
[Date "2017.12.29"]
[Round "3"]
[White "Brylski, Pawel"]
[Black "Wilk, Tomasz"]
[Result "0-1"]
[WhiteElo "2045"]
[BlackElo "1889"]
[PlyCount "76"]
[EventDate "2017.12.27"]
[EventType "swiss"]
[EventRounds "9"]
[EventCountry "POL"]
[SourceTitle "CBM 182 Extra"]
[Source "ChessBase"]
[SourceDate "2018.02.23"]
[SourceVersion "1"]
[SourceVersionDate "2018.02.23"]
[SourceQuality "1"]

1. e4 c5 2. Nf3 Nc6 3. d4 cxd4 4. Nxd4 g6 5. Nc3 Bg7 6. Be3 Nf6 7. Bc4 0-0 8. Bb3 a5 9. a4 Nb4 10. e5 Ne8 11. f4 d6 12. e6 f5 13. 0-0 Nc7 14. Re1 d5 15. Qf3 Ra6 16. Rad1 Kh8 17. Ncb5 Nc6 18. Nxc7 Nxd4 19. Bxd4 Qxc7 20. Bxg7+ Kxg7 21. Bxd5 Qb6+ 22. Kh1 Qxb2 23. c3 Rf6 24. Rb1 Qa3 25. Bxb7 Bxb7 26. Rxb7 Raxe6 27. Qd1 Rxe1+ 28. Qxe1 Re6 29. Qf1 Qxc3 30. Rb1 Qd4 31. Ra1 Re4 32. g3 Re3 33. Kg2 Qe4+ 34. Kh3 Re2 35. Rc1 g5 36. Qg1 Rg2 37. Qh1 g4+ 38. Kh4 Qe6 0-1

[Event "Krakow op-B 27th"]
[Site "Krakow"]
[Date "2016.12.29"]
[Round "4"]
[White "Pietocha, Pawel"]
[Black "Wilk, Tomasz"]
[Result "0-1"]
[WhiteElo "2074"]
[BlackElo "1875"]
[PlyCount "84"]
[EventDate "2016.12.27"]
[EventType "swiss"]
[EventRounds "9"]
[EventCountry "POL"]
[SourceTitle "CBM 176 Extra"]
[Source "ChessBase"]
[SourceDate "2017.03.02"]
[SourceVersion "1"]
[SourceVersionDate "2017.03.02"]
[SourceQuality "1"]

1. e4 c5 2. c3 d6 3. d4 Nf6 4. f3 cxd4 5. cxd4 e5 6. d5 Be7 7. Bd3 0-0 8. Be3 Nh5 9. Qd2 Nf4 10. Bxf4 exf4 11. Ne2 Bg5 12. Nbc3 Nd7 13. 0-0-0 Ne5 14. Kb1 a6 15. Nd4 Qf6 16. Nce2 Bd7 17. g3 Ng6 18. Qb4 b5 19. h4 Bh6 20. Nf5 Bxf5 21. exf5 Ne5 22. g4 Nxd3 23. Rxd3 g6 24. Nd4 g5 25. hxg5 Bxg5 26. Ne2 Qe5 27. Nc3 Rfc8 28. Ne4 Rc4 29. Qd2 h6 30. Re1 Re8 31. Nf6+ Bxf6 32. Rxe5 Rxe5 33. a3 Rc8 34. Ka2 Re3 35. Rxe3 fxe3 36. Qe2 Bg5 37. Kb3 Rc5 38. Qd3 Rc4 39. f6 Rf4 40. Qxe3 Rb4+ 41. Kxb4 Bxe3 42. Ka5 Bc1 0-1

[Event "POL-chT3 Podkarpackie"]
[Site "Czudec"]
[Date "2016.05.27"]
[Round "1.28"]
[White "Uryasz, Tomasz"]
[Black "Wilk, Tomasz"]
[Result "0-1"]
[WhiteElo "1582"]
[BlackElo "1843"]
[PlyCount "46"]
[EventDate "2016.05.27"]
[EventType "team-tourn"]
[EventRounds "9"]
[EventCountry "POL"]
[SourceTitle "EXT 2018"]
[Source "ChessBase"]
[SourceDate "2017.10.13"]
[SourceVersion "1"]
[SourceVersionDate "2017.10.13"]
[SourceQuality "1"]
[WhiteTeam "Pilzno GKSz Hetman II"]
[BlackTeam "Mielec"]
[WhiteTeamCountry "POL"]
[BlackTeamCountry "POL"]

1. e4 c5 2. Nf3 Nc6 3. d4 cxd4 4. Nxd4 g6 5. Nc3 Bg7 6. Be3 Nf6 7. Qd2 0-0 8. 0-0-0 Ng4 9. Nxc6 bxc6 10. Bc4 Nxe3 11. Qxe3 Qa5 12. h4 Rb8 13. Bb3 h5 14. Ne2 d6 15. c4 Kh7 16. Kb1 Qb6 17. Qxb6 Rxb6 18. Nd4 c5 19. Ne2 Bb7 20. f3 Bc6 21. Kc2 Rfb8 22. Rb1 e6 23. Rhd1 a6 0-1

[Event "Rewal op-B 17th"]
[Site "Rewal"]
[Date "2012.08.??"]
[Round "2"]
[White "Lopuszanski, Kamil"]
[Black "Wilk, Tomasz"]
[Result "1-0"]
[WhiteElo "1840"]
[BlackElo "1667"]
[PlyCount "47"]
[EventDate "2012.08.20"]
[EventType "swiss"]
[EventRounds "9"]
[EventCountry "POL"]
[SourceTitle "EXT 2014"]
[Source "ChessBase"]
[SourceDate "2013.11.20"]
[SourceVersion "1"]
[SourceVersionDate "2013.11.20"]
[SourceQuality "1"]

1. e4 c5 2. Nf3 Nc6 3. d4 cxd4 4. Nxd4 g6 5. Nc3 Bg7 6. Be3 Nf6 7. Bc4 0-0 8. Bb3 d6 9. f3 Bd7 10. Qd2 Qa5 11. 0-0-0 Rfc8 12. h4 Ne5 13. h5 Nxh5 14. g4 Nf6 15. Bh6 Nc4 16. Bxc4 Rxc4 17. Bxg7 Kxg7 18. Qh6+ Kg8 19. Nd5 Rac8 20. Nxe7+ Kh8 21. e5 Ba4 22. Nxc8 Bxc2 23. Qf8+ Ng8 24. Rxh7+ 1-0